00297pab a2200121 454500008004000000100001800040245003100058260000900089300001100098362001200109650002000121773003400141180718b1987 xxu||||| |||| 00| 0 eng d aChitale, M.P. aUnhappy financial position c1987 a667-70 a11 Apr. aFinance, Public aEconomic and Political Weekly